| 000 | 00865nam a2200265 a 4500 | ||
|---|---|---|---|
| 999 |
_c5787 _d5787 |
||
| 001 | 6117 | ||
| 003 | BD-DhUAP | ||
| 005 | 20201223101227.0 | ||
| 008 | 201221r20022000ii a b 001 0 eng d | ||
| 020 | _a0070402744 | ||
| 020 | _a0072909994 (student ed.) | ||
| 040 |
_aDLC _cDLC _dDLC _dBD-DhUAP _beng |
||
| 082 | 0 | 0 |
_a658.15 BRE _223 |
| 100 | 1 |
_aBrealey, Richard A. _932556 |
|
| 245 | 1 | 0 |
_aPrinciples of corporate finance / _cRichard A. Brealey and Stewart C. Myers. |
| 250 | _a6th ed. | ||
| 260 |
_aNew Delhi : _bTata McGraw-Hill, _cc2000 [Reprinted 2002]. |
||
| 300 |
_axxvi, 1093 pages : _billustrations ; _c26 cm. |
||
| 490 | _aThe Irwin/McGraw-Hill series in finance. | ||
| 504 | _aIncludes bibliographical references and index. | ||
| 650 | 0 |
_aCorporations _xFinance. _932557 |
|
| 700 | 1 |
_aMyers, Stewart C. _932558 |
|
| 942 | 0 | 0 |
_2ddc _cBK |